00513nam a22001697a 45000050016000000100013000160200026000290350013000550370024000680820013000921000021001052450064001262600032001902700067002223000030002894900024003192011120108438.0 aB-454769 a9788179932148c155.00 aB-454769 aBlue Berry/VenbDPL a333.7924 aAmbika, Shankar. aNuclear Energy :bpowering the future /cby Ambika, Shankar aNew DelhibTeri Pressc2008 aDarbari Seth Block, IHC Complex, Lodhi RoadbNew Delhie110003 a30p.bcol.illc28cm. (Hb) aFuture Power Energy